Top Songs Of 2024 - Guess The Artist - Statistics

General Stats
  • This quiz has been taken 96 times
  • The average score is 22 of 40
Answer Stats
Hint Answer % Correct
Please Please Please Sabrina Carpenter
95%
Espresso Sabrina Carpenter
95%
APT. Rosé & Bruno Mars
90%
Die With A Smile Lady Gaga & Bruno Mars
88%
LUNCH Billie Eilish
86%
Birds Of A Feather Billie Eilish
86%
TEXAS HOLD 'EM Beyoncé
83%
Not Like Us Kendrick Lamar
81%
Pink Pony Club Chappell Roan
80%
I Can Do It With A Broken Heart Taylor Swift
78%
The Boy Is Mine Ariana Grande
75%
we can't be friends (wait for your love) Ariana Grande
75%
Beautiful Things Benson Boone
72%
Fortnight Taylor Swift ft. Post Malone
69%
Illusion Dua Lipa
67%
That's So True Gracie Abrams
64%
Too Sweet Hozier
64%
Like That Future, Metro Boomin, Kendrick Lamar
63%
Diet Pepsi Addison Rae
58%
360 Charli XCX
57%
It's ok I'm ok Tate McRae
56%
Good Luck, Babe! Chappell Roan
54%
End of Beginning Djo
54%
Saturn SZA
53%
I Had Some Help Post Malone ft. Morgan Wallen
49%
Houdini Eminem
47%
Sailor Song Gigi Perez
43%
Lose Control Teddy Swims
43%
A Bar Song (Tipsy) Shaboozey
40%
Obsessed Olivia Rodrigo
37%
I Like The Way You Kiss Me Artemas
21%
Nasty Tinashe
21%
Pink Skies Zach Bryan
21%
Austin Dasha
20%
Si Antes Te Hubiera Conocido KAROL G
19%
The Emptiness Machine Linkin Park
15%
Jump Tyla, Gunna, Skillibeng
14%
Ego Halsey
9%
After Hours Kehlani
9%
You Look Like You Love Me Ella Langley ft. Riley Green
6%
No matching quizzes found
Score Distribution
Percent of People with Each Score
Percentile by Number Answered
Your Score History
You have not taken this quiz